Communes de la communauté urbaine d'Arras - Statistiques

Statistiques générales
  • Ce quiz a été pris 138 fois
  • Le résultat moyen est 15 sur 46
Réponses sur la Carte
Les réponses sont colorées sur une échelle allant du rouge au vert en fonction du pourcentage des utilisateurs qui les ont devinées à leur premier essai. Vous pouvez retrouver ces pourcentages ci-dessous.
 
Statistiques - réponses
Commune % Correct
Arras
92%
Ste Catherine
80%
Dainville
77%
St Nicolas
77%
St Laurent Blangy
67%
Beaurains
66%
Achicourt
63%
Anzin St Aubin
56%
Agny
51%
Maroeuil
45%
Tilloy lès Mofflaines
45%
Rivière
37%
Feuchy
36%
Fampoux
34%
Mont St Eloi
34%
Neuville St Vaast
34%
Wailly
34%
Athies
33%
Beaumetz lès Loges
33%
Mercatel
33%
Thélus
33%
Ecurie
28%
Bailleul Sir Berthoult
27%
Roclincourt
26%
Ficheux
24%
Neuville Vitasse
24%
Farbus
23%
Roeux
22%
Wancourt
22%
Etrun
21%
Gavrelle
21%
Hénin sur Cojeul
21%
Ransart
21%
Monchy le Preux
20%
Boyelles
19%
Boiry Becquerelle
17%
Acq
16%
Héninel
16%
Boiry Ste Rictrude
15%
Basseux
14%
Saint Martin sur Cojeul
14%
Willerval
14%
Boiry St Martin
12%
Boisleux au Mont
12%
Boisleux St Marc
12%
Guémappe
10%
Aucun quiz correspondant
Distribution des résultats
% des personnes avec chaque résultat
Percentile par nombre de réponses
Votre historique - résultats
Vous n’avez pas pris ce quiz